Entry Personal Name
Number of records used in: 1
001 - CONTROL NUMBER
003 - CONTROL NUMBER IDENTIFIER
005 - DATE AND TIME OF LATEST TRANSACTION
- control field:
20180720114305.0
008 - FIXED-LENGTH DATA ELEMENTS
- fixed length control field:
180720|| aca||aabn | a|a d
040 ## - CATALOGING SOURCE
- Original cataloging agency:
OSt
- Transcribing agency:
OSt
100 ## - HEADING--PERSONAL NAME
- Personal name:
Khanka ,Dr.S.S.
670 ## - SOURCE DATA FOUND
- Source citation:
Work cat.: (OSt)499: Khanka ,Dr.S.S., Organisational Behaviour :text and cases, 2002